| 000 | 00496nam a22001577a 4500 | ||
|---|---|---|---|
| 008 | 160401b xxu||||| |||| 00| 0 eng d | ||
| 020 | _a978-1-118-84147-1 | ||
| 082 |
_22014 _aDC 005.26 _bH26b |
||
| 100 |
_94620 _aHarris, Nick. |
||
| 245 |
_aBeginning iOS programming: _bbuilding and deploying iOS applications/ _cNick Harris. |
||
| 260 |
_aIndiana: _bWiley, _cc2014. |
||
| 300 |
_axxiv, 312 pages; _c24 cm. |
||
| 500 | _aIncludes index. | ||
| 650 | 0 |
_94621 _aProgramming languages. |
|
| 942 |
_2ddc _cDC |
||
| 999 |
_c1504 _d1504 |
||